000 00462nam a2200157 4500
001 131502
003 ES-MaACL
005 20230906194008.0
007 t|
008 070214s1967 sp r ||||1| spa d
100 1 _aRodríguez Alcalde, Leopoldo.
_998327
245 1 3 _aLa juventud en la literatura contemporánea /
_cLeopoldo Rodríguez Alcalde.
260 _aMadrid :
_bUriarte,
_c1967.
300 _a310 p. ;
_c20 cm.
852 _aES-MaACL
_jC-34069
_bR.64965
999 _c131502
_d131502